Statistics for Throwback Disney Stars

Click here to take the quiz!

General Stats

  • This quiz has been taken 14 times
  • The average score is 3 of 16

Answer Stats

Answer% Correct
Hannah Montana
100%
London Tipton
43%
Lizzie McGuire
29%
Alex Russo
21%
Cody Martin
21%
Raven Baxter
21%
Jessie Presscott
14%
Louis Stevens
14%
Teddy Duncan
14%
Zack Martin
14%
Ally Dawson
7%
Phil Diffy
7%
Sonny Munroe
7%
Chyna Parks
0%
Corey Matthews
0%
Rocky Blue
0%

Score Distribution

Percentile by Number Answered

Percent of People with Each Score

Your Score History

You have not taken this quiz